Т. 219 : Новые принципы хозяйствования в сфере научных исследований; Известия Томского политехнического института [Известия ТПИ]

Bibliographic Details
Parent link:Известия Томского политехнического института [Известия ТПИ]/ Томский политехнический институт (ТПИ). Т. 219 : Новые принципы хозяйствования в сфере научных исследований.— , 1944-1976
Language:Russian
Published: Изд-во Томского ун-та, 1969
Subjects:
Format: MixedMaterials Book
KOHA link:https://koha.lib.tpu.ru/cgi-bin/koha/opac-detail.pl?biblionumber=225816

MARC

LEADER 00000nam2a2200000 4500
001 225816
005 20231031201035.0
035 |a (RuTPU)RU\TPU\book\246176 
035 |a RU\TPU\book\246139 
090 |a 225816 
100 |a 20121115d1969 k y0rusy50 ca 
101 0 |a rus 
102 |a RU 
105 |a a z 000zy 
200 0 |a Т. 219 : Новые принципы хозяйствования в сфере научных исследований 
210 |c Изд-во Томского ун-та  |d 1969 
215 |a 99 с. 
461 1 |0 (RuTPU)RU\TPU\book\200995  |t Известия Томского политехнического института [Известия ТПИ]  |f Томский политехнический институт (ТПИ)  |v Т. 219 : Новые принципы хозяйствования в сфере научных исследований  |d 1944-1976 
601 0 2 |a Томский политехнический институт (ТПИ)  |c (1944-1991)  |2 stltpush  |3 (RuTPU)RU\TPU\col\1123 
601 0 2 |a Томский технологический институт (ТТИ)  |c (1896-1923)  |2 stltpush  |3 (RuTPU)RU\TPU\col\9244 
610 1 |a научные исследования 
610 1 |a наука 
610 1 |a социалистическое воспроизводство 
610 1 |a научный труд 
610 1 |a организация 
610 1 |a планирование 
610 1 |a стимулирование 
610 1 |a творчество 
610 1 |a научные кадры 
610 1 |a аттестация 
610 1 |a история 
610 1 |a труды учёных ТПУ 
675 |a 62  |v 3 
801 1 |a RU  |b 63413507  |c 20090209  |g PSBO 
801 2 |a RU  |b 63413507  |c 20130320  |g PSBO 
942 |c BK